Statistics for Biggest Cities of Italy in 1000 AD with a Map

Click here to take the quiz!

General Stats

  • This quiz has been taken 326 times
  • The average score is 39 of 87

Answers on the Map

Answers color-coded by a green-red scale on the quiz's map according to % correct below.
 

Answer Stats

PopulationCities% Correct
35kRome
99%
30kNeapolis
(Naples)
98%
45kVenice
98%
30kMilan
97%
15kGenoa
95%
75kBalarm
(Palermo)
94%
7kFlorence
94%
11kBologna
88%
20kVerona
86%
9kPisa
85%
11kBari
83%
4kSaruqusah
(Syracuse)
81%
6kParma
79%
10kMasinah
(Messina)
78%
10kQataniyyah
(Catania)
77%
10kPadua
76%
5kModena
74%
12kRavenna
74%
6kSiena
70%
5kReggio di Lombardia
(Reggio Emilia)
69%
17kRiji
(Reggio Calabria)
69%
8kBrescia
67%
13kBergamo
66%
12kFerrara
65%
5kLucca
65%
3kTaras
(Taranto)
65%
3kAncona
63%
4kRimini
63%
18kSalernum
(Salerno)
63%
5kPerugia
61%
3kLoupiai
(Lecce)
57%
12kMantua
57%
5kComo
53%
30kPavia
53%
4kVicenza
53%
15kCremona
52%
11kPiacenza
52%
5kForlì
48%
35kAmalphia
(Amalfi)
47%
4kArezzo
47%
3kBeneventum
(Benevento)
46%
4kMonza
46%
3kQirqant
(Agrigento)
44%
5kTrabnis
(Trapani)
43%
3kTreviso
43%
3kAsti
40%
4kImola
39%
11kRaghus
(Ragusa)
39%
5kCesena
37%
6kPistoia
36%
3kMarsallah
(Marsala)
35%
3kSpoleto
33%
5kBarleta
(Barletta)
30%
3kLodi
29%
5kFaenza
28%
4kQasr Yanih
(Enna)
28%
3kAssisi
27%
3kChioggia
26%
3kChieti
23%
3kSaluzzo
22%
3kTrani
22%
3kVercelli
22%
3kGaeta
21%
3kMudiqah
(Modica)
20%
3kRieti
20%
4kOrvieto
19%
3kSan Gimignano
19%
5kQurlayun
(Corleone)
17%
3kTurris Octava
(Torre del Greco)
17%
3kMilatsaw
(Milazzo)
15%
3kJabal Hamid
(Erice)
14%
4kLiqatah
(Licata)
13%
3kCamerino
12%
3kVelletri
12%
3kAgios Seviros
(San Severo)
11%
3kCortona
11%
4kIesi
11%
3kLousera
(Lucera)
11%
3kNarnto
(Nardò)
10%
3kNiqusiyyah
(Nicosia)
10%
3kLanciano
9%
3kMelfi
9%
3kMonselice
9%
3kSilouion
(Gravina in Puglia)
9%
3kProchyta
(Procida)
8%
3kSarnum
(Sarno)
8%
3kSezze
7%

Score Distribution

Percentile by Number Answered

Percent of People with Each Score

Your Score History

You have not taken this quiz